Unmaking war : (Record no. 146736)

MARC details
000 -LEADER
fixed length control field 00572nam a22001817a 4500
010 ## - LCCN (DPL NO)
LC control number ENG-120885
020 ## - INTERNATIONAL STANDARD BOOK NUMBER
Terms of availability 550.00
International Standard Book Number 9781889657158
035 ## - SYSTEM CONTROL NUMBER
System control number EN-104417
037 ## - SOURCE OF ACQUISITION
Source of stock number/acquisition DBAD/PUB
082 ## - DEWEY DECIMAL CLASSIFICATION NUMBER
Classification number 155.332
100 ## - MAIN ENTRY--PERSONAL NAME
Personal name Barry,Kathleen
245 ## - TITLE STATEMENT
Title Unmaking war :
Remainder of title remaking men /
Statement of responsibility, etc by Kathleen Barry
260 ## - PUBLICATION, DISTRIBUTION, ETC. (IMPRINT)
Place of publication, distribution, etc New Delhi
Name of publisher, distributor, etc Women Unlimited (an associate of kali for women)
Date of publication, distribution, etc 2012
270 ## - ADDRESS
Address 7/10 First Floor, Sarvapriya Vihar
City New Delhi
Postal code 110016
300 ## - PHYSICAL DESCRIPTION
Extent x,235p.
Dimensions 22cm(Hb)
500 ## - GENERAL NOTE
General note Includes index
942 ## - ADDED ENTRY ELEMENTS (KOHA)
Source of classification or shelving scheme Dewey Decimal Classification
Item type English Books
Classification part 155.332
Call number suffix BAR
Holdings
Withdrawn status Lost status Not for loan Collection code Home library Current library Date acquired Source of acquisition Cost, normal purchase price Full call number Barcode Copy number Cost, replacement price Koha item type
    Not For Loan Non-fiction D.B.Act.Division Bawana 18/10/2017 DBAD/PUB 550.00 155.332 UNA EN-104417 1 550.00 English Books

© Delhi Public Library
Hit Counter
free hit counter